000 00187 a2200097 4500
020 _a9780330323680
041 _aeng
100 _aGodden, Rumer
245 _aThe Peacock Spring
942 _cBK
999 _c7828
_d7828